Political science. (Record no. 112336)
[ view plain ]
| 000 -LEADER | |
|---|---|
| fixed length control field | 00649nam a2200217Ia 4500 |
| 003 - CONTROL NUMBER IDENTIFIER | |
| control field | OSt |
| 005 - DATE AND TIME OF LATEST TRANSACTION | |
| control field | 20251014165331.0 |
| 008 - FIXED-LENGTH DATA ELEMENTS--GENERAL INFORMATION | |
| fixed length control field | 210210b1975 xxu||||| |||| 00| 0 eng d |
| 040 ## - CATALOGING SOURCE | |
| Transcribing agency | AL |
| 041 ## - LANGUAGE CODE | |
| Language code of text/sound track or separate title | Kannada |
| 082 ## - DEWEY DECIMAL CLASSIFICATION NUMBER | |
| Classification number | 320K APAP |
| 100 ## - MAIN ENTRY--PERSONAL NAME | |
| Personal name | APARANJI (N R). |
| 9 (RLIN) | 143991 |
| Dates associated with a name | ಅಪರಂಜಿ (ಎನ್ಆರ್) |
| 245 ## - TITLE STATEMENT | |
| Title | Political science. |
| Remainder of title | ಪೊಲಿಟಿಕಲ್ ಸೈನ್ಸ್ |
| 260 ## - PUBLICATION, DISTRIBUTION, ETC. | |
| Place of publication, distribution, etc. | Gadaga |
| Name of publisher, distributor, etc. | Vijaya buk dipo mattu prakashana |
| Date of publication, distribution, etc. | 1975 |
| 300 ## - PHYSICAL DESCRIPTION | |
| Extent | vi,162 |
| 650 ## - SUBJECT ADDED ENTRY--TOPICAL TERM | |
| Topical term or geographic name entry element | Political science in Kannada |
| 9 (RLIN) | 143992 |
| 650 ## - SUBJECT ADDED ENTRY--TOPICAL TERM | |
| Topical term or geographic name entry element | II PUC. |
| 9 (RLIN) | 242275 |
| 690 ## - LOCAL SUBJECT ADDED ENTRY--TOPICAL TERM (OCLC, RLIN) | |
| Topical term or geographic name as entry element | Political Theory |
| 9 (RLIN) | 143993 |
| 906 ## - LOCAL DATA ELEMENT F, LDF (RLIN) | |
| a | SG00585 |
| 942 ## - ADDED ENTRY ELEMENTS (KOHA) | |
| Source of classification or shelving scheme | Dewey Decimal Classification |
| Koha item type | Book |
| Withdrawn status | Lost status | Source of classification or shelving scheme | Damaged status | Not for loan | Collection code | Home library | Current library | Shelving location | Date acquired | Cost, normal purchase price | Total Checkouts | Full call number | Barcode | Date last seen | Price effective from | Koha item type |
|---|---|---|---|---|---|---|---|---|---|---|---|---|---|---|---|---|
| Dewey Decimal Classification | Political Science | St Aloysius Library | St Aloysius Library | Reference Section | 02/17/2021 | 6.00 | 320K APAP | 037317 | 02/17/2021 | 02/17/2021 | Book | |||||
| Dewey Decimal Classification | Political Science | St Aloysius Library | St Aloysius Library | 02/17/2021 | 6.00 | 320K APAP | SG00585 | 02/17/2021 | 02/17/2021 | Special Grants |